Συγκριτική ατομική ψυχολογία

Saved in:
Bibliographic Details
Main Author: Adler, Alfred 1870-1937
Format: Book
Language:Greek
Published: Γκοβοστης,
Subjects:
Tags: Add Tag
No Tags, Be the first to tag this record!

MARC

LEADER 00000cam a2200000 i 4500
001 1/66814
008 960219s1985 gr | ||| |||| ||gre||
035 |l 10029887 
040 |a GR-MY-UA  |b gre  |e aacr 
041 0 |a gre 
082 0 |a 155.2 
100 1 |a Adler, Alfred  |d 1870-1937. 
245 1 0 |a Συγκριτική ατομική ψυχολογία 
260 |b Γκοβοστης,  
300 |a 332 σ. 
650 0 0 |a Personality. 
650 0 0 |a Self. 
650 0 0 |a Neuroses. 
650 0 0 |a Psychology, Pathological. 
852 |a INST  |b CHIOS  |e 19960219  |h 155.2 ANT  |p 005200000932  |q 005200000932  |t BK  |y 0 
909 |a Χ  |b 016148